Ne lyše včytel'ka, ale j patriotka do žyttjevoho juvileju Anny Labancovoji

Bibliographic Details
Main Author: M.M (Author)
Format: Article
Language:Ukrainian
PhysicalDescription:Fotogr.
Subjects:

MARC

LEADER 00000nab a2200000 a 4500
001 vtls000835785
003 SK-MaSNL
005 20260318114957.0
008 160322c2003 xo 0 ukr
015 |a SNBRB2003/05-15483 
035 |a CLN000187440 
040 |a SNKBUCL  |b slo  |c SNKBUCL  |e AACR2 
041 0 |a ukr 
044 |a xo  |c SK 
080 |a 37-051  |2 UDC-MRF-SK2 
080 |a 929 Labancova-Mušynka, Anna  |2 UDC-MRF-SK2 
100 0 |a M.M.  |4 aut  |9 844843 
245 1 0 |a Ne lyše včytel'ka, ale j patriotka  |b do žyttjevoho juvileju Anny Labancovoji  |c [avtor] M. M. 
300 |b Fotogr. 
600 2 7 |a Labancova-Mušynka, Anna  |d 1933-  |2 snkbucl  |9 1619083 
651 7 |a Bardejov (Slovensko : okres)  |2 snkbucl  |9 28620 
651 7 |a Humenné (Slovensko : okres)  |2 snkbucl  |9 22484 
651 7 |a 709  |2 snkbucl  |9 529536 
651 7 |a 519464  |2 snkbucl  |9 1619011 
651 7 |a 520004  |2 snkbucl  |9 1619084 
655 7 |a články z novín a časopisov  |2 snkbucl  |9 267496 
773 0 |t Nove žyttja  |g Roč. 53, č. 5-6 (2003), s. 5 
850 |a Slovenská národná knižnica v Martine 
852 |a SNK  |b KIS3GCP 
958 |a UK 
958 |a SK 
958 |a BX 
958 |a RBX 
999 |c 3336160  |d 3338090